[Event "It (open) \"]
[Site "masterchessopen.com Moscow (Russia)"]
[Date "2010.02.12"]
[Round "4"]
[White "Maletin Pavel (RUS)"]
[Black "Krylov Mikhail (RUS)"]
[Result "1-0"]
[WhiteElo "2621"]
[BlackElo "2516"]

1.d4 Nf6 2.c4 g6 3.Nc3 Bg7 4.e4 d6 5.f3 O-O 6.Be3 e5 7.Nge2 c6 8.Qd2 Nbd7 9.d5
cxd5 10.cxd5 a6 11.g4 b5 12.Ng3 Nb6 13.b3 Bb7 14.Rc1 Rc8 15.Bd3 Nfd7 16.Kf2 b4
17.Nce2 Nc5 18.Bb1 a5 19.h4 f6 20.h5 Kf7 21.f4 Rg8 22.hxg6+ hxg6 23.f5 g5
24.Nh5 Nbd7 25.Ng1 Qb6 26.Nf3 Bf8 27.Kg2 Be7 28.Ng3 Rh8 29.Rh5 Rxh5 30.gxh5
Rh8 31.Nh2 Ba6 32.Ng4 Qb5 33.h6 Bd8 34.Kf3 Rh7 35.Qh2 Kg8 36.Qh5 Nf8 37.Nf2
Bb6 38.Bxc5 dxc5 39.Bd3 c4 40.Bxc4 Qc5 41.Ng4 Rf7 42.h7+ Rxh7 43.Nxf6+ Kh8
44.Nxh7 Qe3+ 45.Kg4 Nxh7 46.Qe8+ Kg7 47.Nh5+ {#r} 1-0

[Event "Ch Ukraine (juniors) (under 14) (g)"]
[Site "masterchessopen.com Mukachevo (Ukraine)"]
[Date "2010.02.17"]
[Round "3"]
[White "Bezkorovaina Marija (UKR)"]
[Black "Tantsiura Marja (UKR)"]
[Result "0-1"]
[WhiteElo "1957"]
[BlackElo "2030"]

1.d4 g6 2.c4 Nf6 3.Nc3 Bg7 4.e4 O-O 5.Be3 d6 6.f3 e5 7.Nge2 c6 8.Qd2 Nbd7 9.d5
cxd5 10.Nxd5 Nxd5 11.Qxd5 Nf6 12.Qd2 Be6 13.Nc3 a6 14.O-O-O b5 15.Qxd6 Qc8
16.c5 Re8 17.b4 a5 18.Bxb5 axb4 19.Na4 Bf8 20.Qd2 Qb7 21.Bxe8 Nxe8 22.Nb2 Rxa2
23.Qc2 Ra3 24.Qf2 Ra2 25.Rhe1 Qa8 26.Rd3 b3 27.Rc3 Qa5 28.Bd4 exd4 29.Qxd4
Bh6+ 30.Kd1 Rxb2 31.f4 Bxf4 {#R} 0-1

[Event "Ch Colombia (juniors) (under 20) (g)"]
[Site "masterchessopen.com Bogota (Colombia)"]
[Date "2010.04.17"]
[Round "6"]
[White "Chirivi Yenny (COL)"]
[Black "Castrillon Melissa (COL)"]
[Result "1-0"]
[WhiteElo "2227"]
[BlackElo "2013"]

1.d4 Nf6 2.c4 g6 3.Nc3 Bg7 4.e4 d6 5.f3 O-O 6.Be3 e5 7.Nge2 c6 8.Qd2 Nbd7 9.d5
cxd5 10.cxd5 a6 11.Ng3 Ne8 12.Bd3 Nc5 13.Bc2 f5 14.exf5 gxf5 15.b4 f4 16.bxc5
fxe3 17.Qxe3 dxc5 18.O-O b6 19.Rad1 Nd6 20.Nh5 Bh8 21.f4 exf4 22.Rxf4 Rxf4
23.Qxf4 Ra7 24.Qg3+ Bg7 25.Rf1 Kh8 26.Nxg7 Rxg7 27.Qe5 Kg8 28.Ne4 Nxe4 29.Bxe4
Qe7 30.Qf4 Rg4 31.Qb8 Rxe4 32.Qxc8+ Qe8 33.Qc7 b5 34.Qxc5 Re1 35.d6 Qe3+
36.Qxe3 Rxe3 37.Rd1 Re8 38.Kf2 Kf7 39.d7 Rd8 40.Ke3 Ke7 41.Ke4 Rxd7 42.Rxd7+
Kxd7 43.Kd5 h5 44.Kc5 h4 45.Kb6 Kd6 46.Kxa6 Kc5 47.g4 {#r} 1-0

[Event "Ch Pan-American (juniors) (under 20) (g)"]
[Site "masterchessopen.com Cali (Colombia)"]
[Date "2010.05.21"]
[Round "2"]
[White "Chirivi Yenny (COL)"]
[Black "Castrillon Melissa (COL)"]
[Result "1-0"]
[WhiteElo "2227"]
[BlackElo "2013"]

1.d4 Nf6 2.c4 g6 3.Nc3 Bg7 4.e4 d6 5.f3 O-O 6.Be3 e5 7.Nge2 c6 8.Qd2 Nbd7 9.d5
cxd5 10.cxd5 a6 11.g4 h5 12.g5 Nh7 13.Rg1 b5 14.O-O-O Qa5 15.a3 Nc5 16.Kb1 Qc7
17.b4 Nb7 18.Kb2 Bd7 19.Nc1 Rfb8 20.Nb3 a5 21.Rc1 axb4 22.axb4 Qd8 23.Be2 Qe8
24.Ra1 Nf8 25.Ra7 Rxa7 26.Bxa7 Rc8 27.Ra1 Nh7 28.Be3 Rb8 29.Ra6 f6 30.gxf6
Bxf6 31.Bd3 Nd8 32.Qf2 Bc8 33.Ra5 Bd7 34.Ba7 Rb7 35.Ra6 Nf7 36.Na5 Rc7 37.Nc6
Nd8 38.Nxb5 Rxc6 39.dxc6 Nxc6 40.Nxd6 Qf8 41.Bc5 Be7 42.Bc4+ Kg7 43.Qd2 Qxf3
44.b5 Bg5 45.Qf2 Qxf2+ 46.Bxf2 Ne7 47.Ra7 {#r} 1-0

[Event "It (cat.5)"]
[Site "masterchessopen.com Donskoj (Russia)"]
[Date "2010.09.05"]
[Round "2"]
[White "Stepanov Alexander M (RUS)"]
[Black "Agamaliev Gamil (AZE)"]
[Result "0-1"]
[WhiteElo "2381"]
[BlackElo "2499"]

1.d4 Nf6 2.c4 g6 3.Nc3 Bg7 4.e4 d6 5.f3 O-O 6.Be3 e5 7.Nge2 c6 8.Qd2 Nbd7 9.d5
cxd5 10.cxd5 a6 11.g4 h5 12.g5 Nh7 13.Rg1 b5 14.O-O-O Nb6 15.b3 Bd7 16.Kb2 b4
17.Nb1 a5 18.Rc1 Qb8 19.Bf2 Qa7 20.Qe3 Rfb8 21.Nd2 a4 22.Kc2 Bb5 23.Kd1 Qe7
24.Ng3 axb3 25.axb3 Bxf1 26.Ngxf1 Nf8 27.Qe2 Nfd7 28.Nc4 {#R} 0-1

[Event "Ch India (challengers)"]
[Site "masterchessopen.com Bhiwani (India)"]
[Date "2010.09.20"]
[Round "7"]
[White "Murali Krishnan B T (IND)"]
[Black "Rajesh V A V (IND)"]
[Result "1-0"]
[WhiteElo "2363"]
[BlackElo "2309"]

1.d4 Nf6 2.c4 g6 3.Nc3 Bg7 4.e4 d6 5.f3 O-O 6.Be3 e5 7.Nge2 c6 8.Qd2 Nbd7 9.d5
cxd5 10.cxd5 a6 11.g4 h5 12.g5 Nh7 13.Rg1 f6 14.gxf6 Qxf6 15.O-O-O b5 16.Kb1
Rb8 17.Nc1 Rf7 18.Nb3 Ndf8 19.Be2 Qd8 20.Rc1 Bd7 21.Nd1 b4 22.Nf2 a5 23.Qe1 g5
24.Nd2 Ng6 25.Nc4 Bb5 26.Nd2 Bd7 27.Bf1 Nf4 28.Nd3 Bb5 29.Nf2 Be8 30.Nh3 Bd7
31.Nf2 Be8 32.Nh1 Rc7 33.Rxc7 Qxc7 34.Nf2 Rc8 35.Bc4 Kf8 36.Nd3 Bf6 37.Nf2 Ke7
38.Nd3 Nf8 39.h4 Nxd3 40.Bxd3 gxh4 41.Nc4 Nd7 42.Bg5 Qa7 43.Bxf6+ Nxf6 44.Rg7+
Bf7 45.Rxf7+ Kxf7 46.Nxd6+ Kg6 47.Nxc8 Qc5 48.Qxh4 Qxc8 49.Qg3+ Kf7 50.Qxe5
Qc5 51.Qe6+ Kg7 52.d6 Qg1+ 53.Kc2 Qf2+ 54.Kb3 Qxf3 55.Kc4 Qf4 56.Kb5 Qd2
57.Bc4 Qd4 58.e5 Ne4 59.Qe7+ Kh6 60.d7 {#r} 1-0

[Event "Ch Poland (juniors) (under 18)"]
[Site "masterchessopen.com Murzasichle (Poland)"]
[Date "2011.03.06"]
[Round "2"]
[White "Sobaniec Dominik (POL)"]
[Black "Jacek Krystian (POL)"]
[Result "1-0"]
[WhiteElo "1859"]
[BlackElo "2119"]

1.d4 g6 2.c4 Bg7 3.Nc3 Nf6 4.e4 d6 5.f3 O-O 6.Be3 e5 7.Nge2 c6 8.Qd2 Nbd7 9.d5
cxd5 10.cxd5 a6 11.Nc1 b5 12.Nd3 Nb6 13.b3 Nfd7 14.Be2 f5 15.O-O f4 16.Bf2 g5
17.Nb4 Rf6 18.g4 h5 19.h3 hxg4 20.hxg4 Nc5 21.Nc6 Qe8 22.b4 Nca4 23.Rac1 Nxc3
24.Rxc3 Nc4 25.Bxc4 bxc4 26.Kg2 Rh6 27.Rxc4 Kf7 28.Rcc1 Bd7 29.Rh1 Rxh1
30.Rxh1 Kg6 31.Na5 Bb5 32.Rc1 Bf6 33.Qc3 Bd7 34.Nc6 Qf7 35.a4 Rh8 36.Rh1 Rc8
37.b5 axb5 38.axb5 Bd8 39.b6 {#r} 1-0

[Event "Ch China (w)"]
[Site "masterchessopen.com Xinghua Jiangsu (China)"]
[Date "2011.04.06"]
[Round "7"]
[White "Zhao Xue (CHN)"]
[Black "Zhang Xiaowen (CHN)"]
[Result "0-1"]
[WhiteElo "2497"]
[BlackElo "2387"]

1.d4 Nf6 2.c4 g6 3.Nc3 Bg7 4.e4 d6 5.f3 O-O 6.Be3 e5 7.Nge2 c6 8.Qd2 Nbd7 9.d5
cxd5 10.cxd5 a6 11.g3 Ne8 12.Bg2 f5 13.O-O Nef6 14.Rac1 b5 15.h3 Bb7 16.Nd1 a5
17.Nf2 b4 18.Nd3 Ba6 19.Rc6 Qb8 20.a3 Bb5 21.axb4 axb4 22.Rc2 Nh5 23.exf5 gxf5
24.Bf2 Qb7 25.f4 b3 26.Rcc1 e4 27.Ne1 Nhf6 28.Bd4 Ra4 29.Nc3 Rxd4 30.Qxd4 Ng4
31.Qd2 Qb6+ 32.Kh1 e3 33.Qd1 Bxc3 34.Rxc3 e2 35.Qc1 exf1=Q+ 36.Bxf1 Nf2+
37.Kg2 Ne4 38.Bxb5 Nxc3 39.Bxd7 Ne2 {#R} 0-1

[Event "It \"]
[Site "masterchessopen.com Moscow (Russia)"]
[Date "2011.05.01"]
[Round "2"]
[White "Gevondian Arman (RUS)"]
[Black "Ulko Jaroslav (RUS)"]
[Result "0-1"]
[WhiteElo "1936"]
[BlackElo "2475"]

1.d4 Nf6 2.c4 g6 3.Nc3 Bg7 4.e4 d6 5.f3 O-O 6.Be3 e5 7.Nge2 c6 8.Qd2 Nbd7 9.d5
cxd5 10.cxd5 a6 11.Nc1 Nh5 12.Nd3 f5 13.Be2 Ndf6 14.O-O f4 15.Bf2 g5 16.h3 Bd7
17.b4 Kh8 18.Nb2 Ng3 19.Rfc1 g4 20.Bxg3 fxg3 21.fxg4 Nxg4 22.Bxg4 Bxg4 23.Rf1
Qh4 24.Rxf8+ Rxf8 25.Rf1 Rc8 26.Ncd1 Bh6 27.Qd3 Bxh3 28.Rf3 Bxg2 {#R} 0-1

[Event "It (open)"]
[Site "masterchessopen.com Teplice (Czech Republic)"]
[Date "2011.06.18"]
[Round "8"]
[White "Plischki Sebastian (GER)"]
[Black "Hadraba Vladimir (CZE)"]
[Result "1-0"]
[WhiteElo "2337"]
[BlackElo "2225"]

1.d4 Nf6 2.c4 g6 3.Nc3 Bg7 4.e4 d6 5.f3 O-O 6.Be3 e5 7.Nge2 c6 8.Qd2 Nbd7 9.d5
cxd5 10.cxd5 a6 11.g4 b5 12.Ng3 Nb6 13.h4 Ne8 14.h5 f6 15.Bd3 Nc4 16.Bxc4 bxc4
17.hxg6 hxg6 18.Qe2 Rb8 19.O-O-O Bd7 20.f4 Qc8 21.f5 g5 22.Rd2 Kf7 23.Rh7 Ke7
24.Qh2 Rf7 25.Qh5 Nc7 26.Bxg5 Qg8 27.Be3 Bh8 28.Rh2 Rxh7 29.Qxh7+ Qf7 30.g5
Rg8 31.Qxf7+ Kxf7 32.g6+ Kf8 33.Rh7 Bg7 34.Nh5 Ne8 35.Nxg7 Nxg7 36.Bh6 {#r}
1-0

[Event "It (open)"]
[Site "masterchessopen.com Kuala Lumpur (Malaysia)"]
[Date "2011.08.20"]
[Round "5"]
[White "Nguyen Duc Hoa (VIE)"]
[Black "Zhang Xiaowen (CHN)"]
[Result "1-0"]
[WhiteElo "2452"]
[BlackElo "2389"]

1.d4 Nf6 2.c4 g6 3.Nc3 Bg7 4.e4 d6 5.f3 O-O 6.Be3 e5 7.Nge2 c6 8.Qd2 Nbd7 9.d5
cxd5 10.cxd5 a6 11.g4 h5 12.h3 Nh7 13.Rg1 h4 14.g5 b5 15.Nc1 Bb7 16.b4 Rc8
17.Nb3 Nb6 18.Na5 Ba8 19.Rc1 Re8 20.Qf2 Nxd5 21.Nxd5 Rxc1+ 22.Bxc1 Qc8 23.Kd1
Bxd5 24.exd5 Qf5 25.Qe3 e4 26.fxe4 Rxe4 27.Bd3 Rxe3 28.Bxf5 Re5 29.Bc8 Rxd5+
30.Kc2 Bf8 31.Nc6 a5 32.Nxa5 Be7 33.Nc6 Bxg5 34.Bxg5 Rxg5 35.Rxg5 Nxg5 36.a4
bxa4 37.b5 Ne4 38.b6 Nc5 39.Nb4 a3 40.Kb1 {#r} 1-0

[Event "It (open) \"]
[Site "masterchessopen.com Nuernberg (Germany)"]
[Date "2011.09.11"]
[Round "7"]
[White "Siedentopf Daniel (GER)"]
[Black "Saathoff Richard (GER)"]
[Result "1-0"]
[WhiteElo "2237"]
[BlackElo "2111"]

1.d4 Nf6 2.c4 g6 3.Nc3 Bg7 4.e4 d6 5.f3 O-O 6.Be3 e5 7.Nge2 c6 8.Qd2 Nbd7 9.d5
cxd5 10.cxd5 a6 11.g4 h5 12.h3 Nh7 13.gxh5 Qh4+ 14.Kd1 Qxh5 15.Bg2 Qh4 16.Kc2
Bf6 17.Rag1 Bg5 18.Bf1 Bxe3 19.Qxe3 Ndf6 20.f4 exf4 21.Nxf4 Bd7 22.Rg3 Rae8
23.Bd3 Re5 24.Ng2 {#r} 1-0

[Event "It (open)"]
[Site "masterchessopen.com New Delhi (India)"]
[Date "2012.01.17"]
[Round "5"]
[White "Jaiswal Puneet (IND)"]
[Black "Thipsay Praveen M (IND)"]
[Result "1-0"]
[WhiteElo "2219"]
[BlackElo "2435"]

1.d4 Nf6 2.c4 g6 3.Nc3 Bg7 4.e4 d6 5.f3 O-O 6.Nge2 e5 7.Be3 c6 8.Qd2 Nbd7 9.d5
cxd5 10.cxd5 a6 11.g4 h5 12.h3 h4 13.Bg5 b5 14.Nc1 Nc5 15.b4 Na4 16.Nxa4 bxa4
17.Nd3 a3 18.Rb1 Bd7 19.Be2 Ba4 20.O-O Qb6+ 21.Kg2 Rfc8 22.Rfc1 Bb5 23.Bxh4
Qd4 24.Rb3 Bxd3 25.Bxd3 Rxc1 26.Qxc1 Qb6 27.Bf2 Qb8 28.Be2 Qd8 29.Rxa3 a5
30.b5 Nd7 31.Rc3 Nc5 32.Bxc5 dxc5 33.Rxc5 Bf6 34.Qb2 Qb6 35.Qc3 Kg7 36.Rc8 Qd6
37.Qc5 Qxc5 38.Rxc5 g5 39.Rc7 Bd8 40.Rd7 Rb8 41.d6 Rc8 42.Bc4 Bb6 43.Rxf7+ Kg6
44.Rb7 Bd8 45.Bb3 Kf6 46.b6 a4 47.Rf7+ Kg6 48.b7 {#r} 1-0

[Event "Ch Croatia"]
[Site "masterchessopen.com Opatija (Croatia)"]
[Date "2012.01.23"]
[Round "7"]
[White "Kuljasevic Davorin (CRO)"]
[Black "Jovanovic Zoran (CRO)"]
[Result "1-0"]
[WhiteElo "2569"]
[BlackElo "2556"]

1.d4 Nf6 2.c4 g6 3.Nc3 Bg7 4.e4 d6 5.f3 O-O 6.Nge2 c6 7.Be3 e5 8.Qd2 Nbd7 9.d5
cxd5 10.cxd5 a6 11.g4 h5 12.g5 Nh7 13.Rg1 f6 14.gxf6 Rxf6 15.O-O-O b5 16.Ng3
Kh8 17.Kb1 Rxf3 18.Nxh5 gxh5 19.Rxg7 Rxe3 20.Rxh7+ Kxh7 21.Qxe3 Qh4 22.Be2 Qf4
23.Qg1 Kh6 24.Rf1 Qg5 25.Qf2 b4 26.h4 Qf4 27.Qg1 Qxh4 28.Rf7 Qg5 29.Rh7+ Kxh7
30.Qxg5 bxc3 31.Bxh5 Nf8 32.Qe7+ Kh6 33.Qxf8+ Kxh5 34.Qxd6 Kg4 35.Qxe5 {#r}
1-0

[Event "It (open)"]
[Site "masterchessopen.com Moscow (Russia)"]
[Date "2012.02.04"]
[Round "8"]
[White "Kotov Alexander (RUS)"]
[Black "Loskutov Oleg (RUS)"]
[Result "0-1"]
[WhiteElo "2252"]
[BlackElo "2439"]

1.d4 Nf6 2.c4 g6 3.Nc3 Bg7 4.e4 d6 5.f3 O-O 6.Be3 e5 7.Nge2 c6 8.Qd2 Nbd7 9.d5
cxd5 10.cxd5 a6 11.g4 h5 12.Bg5 hxg4 13.fxg4 b5 14.Ng3 Qa5 15.Nd1 Qxd2+
16.Kxd2 Nc5 17.Nf2 Nxg4 18.Nxg4 Bxg4 19.b4 Na4 20.h3 Bf3 21.Rh2 f6 22.Be3 f5
23.Rf2 fxe4 24.h4 Rac8 25.Bh3 Rc3 26.Be6+ Kh7 27.Re1 Ra3 28.Kc1 Rxe3 29.Rxe3
Bh6 30.Nf1 Nb6 31.Kc2 Bd1+ {#R} 0-1

[Event "It (open)"]
[Site "masterchessopen.com Vlissingen (Netherlands)"]
[Date "2012.04.08"]
[Round "2"]
[White "Leenhouts Koen (NED)"]
[Black "Ducarmon Renzo (NED)"]
[Result "1-0"]
[WhiteElo "2384"]
[BlackElo "2060"]

1.d4 Nf6 2.c4 g6 3.f3 Bg7 4.e4 d6 5.Nc3 O-O 6.Be3 e5 7.Nge2 c6 8.Qd2 Nbd7 9.d5
cxd5 10.cxd5 a6 11.Nc1 Qc7 12.Nd3 b5 13.Rc1 Qd8 14.Nb4 Bb7 15.Nc6 Bxc6 16.dxc6
Nc5 17.Nd5 Nxd5 18.exd5 e4 19.b4 Nd3+ 20.Bxd3 exd3 21.O-O Re8 22.Qxd3 Qh4
23.f4 Qe7 24.Rfe1 Qe4 25.Qxe4 Rxe4 26.Bb6 Rxe1+ 27.Rxe1 Rc8 28.Re7 {#r} 1-0

[Event "Ch Turkey (team)"]
[Site "masterchessopen.com Konya (Turkey)"]
[Date "2012.07.20"]
[Round "11"]
[White "Burcu Cagatay (TUR)"]
[Black "Hasbay Erim (TUR)"]
[Result "1-0"]
[WhiteElo "1952"]
[BlackElo "1831"]

1.d4 Nf6 2.c4 g6 3.Nc3 Bg7 4.e4 d6 5.f3 O-O 6.Be3 e5 7.Nge2 c6 8.Qd2 Nbd7 9.d5
cxd5 10.cxd5 a6 11.a4 Nh5 12.g4 Nf4 13.Nxf4 exf4 14.Bxf4 Ne5 15.Be2 f5 16.Bg5
Qe8 17.gxf5 gxf5 18.Bh6 f4 19.Rg1 Ng6 20.Bxg7 Kxg7 21.Qd4+ Kf7 22.a5 Qd8
23.Qb4 Qc7 24.Na4 Bd7 25.Nb6 Rad8 26.Ra3 Bb5 27.Rc3 Qe7 28.Qd4 Ne5 29.Bxb5
axb5 30.Ke2 Rg8 31.Rxg8 Rxg8 32.Qf2 Nc4 33.Nxc4 bxc4 34.Rxc4 Qd7 35.Qh4 Ke8
36.Kd3 Rf8 37.Qh6 Rg8 38.Qe6+ Qxe6 39.dxe6 Rg2 40.Rc2 Rg5 41.b4 h5 42.Rc7 {#r}
1-0

[Event "Olympiad (under 16)"]
[Site "masterchessopen.com Istanbul (Turkey)"]
[Date "2012.09.03"]
[Round "7"]
[White "Papasimakopoulos Alexandros (GRE)"]
[Black "Nowicki Bartosz (POL)"]
[Result "1-0"]
[WhiteElo "2045"]
[BlackElo "2186"]

1.d4 Nf6 2.c4 g6 3.Nc3 Bg7 4.e4 d6 5.f3 O-O 6.Be3 e5 7.Nge2 c6 8.Qd2 Nbd7 9.d5
cxd5 10.cxd5 a5 11.Nc1 Nc5 12.Be2 Nfd7 13.O-O f5 14.b3 f4 15.Bf2 g5 16.Nb5 Rf6
17.Nd3 b6 18.Rab1 Rg6 19.Nb2 g4 20.fxg4 Nxe4 21.Qc2 Nxf2 22.Rxf2 Nf6 23.Bd3
Rxg4 24.Qc6 Bd7 25.Qxd6 e4 26.Bc4 Ne8 27.Qa3 Bxb5 28.Bxb5 Bd4 29.b4 axb4
30.Qh3 Bxf2+ 31.Kxf2 Qh4+ 32.Qxh4 Rxh4 33.Bc6 Rd8 34.Nc4 Nf6 35.d6 Rxh2 36.Kg1
Rh5 37.Rxb4 Rc5 38.Bb5 Nd5 39.Rb3 Kf7 40.a4 e3 41.Kf1 Ke6 42.d7 Rg8 43.Rd3 Rd8
44.Rb3 Rxc4 45.Bxc4 Rxd7 46.Rxb6+ Ke5 47.Rh6 Nc3 48.Bb3 Ne4 49.Ke1 Ng3 50.a5
Rc7 51.Kd1 Rc3 52.Rb6 Kf5 53.a6 e2+ 54.Kd2 Re3 {#r} 1-0